[Event "Chambery op 12ve"]
[Site "Chambery"]
[Date "2006.07.30"]
[Round "2"]
[White "De Seroux, Camille"]
[Black "Golly, Christian"]
[Result "1-0"]
[WhiteElo "1740"]
[BlackElo "1590"]
[PlyCount "75"]
[EventDate "2006.07.29"]
[EventType "swiss"]
[EventRounds "9"]
[EventCountry "FRA"]
[SourceTitle "EXT 2007"]
[Source "ChessBase"]
[SourceDate "2006.11.23"]
[SourceVersion "1"]
[SourceVersionDate "2006.11.23"]
[SourceQuality "1"]

1. e4 b6 2. d4 Bb7 3. Nc3 d6 4. Nf3 Nd7 5. Bd3 Ngf6 6. 0-0 c5 7. Qe1 e5 8. d5 Be7 9. Nd2 Nh5 10. g3 0-0 11. Be2 Ndf6 12. f4 exf4 13. gxf4 g6 14. Qf2 Bc8 15. Qg2 Kh8 16. e5 dxe5 17. fxe5 Nd7 18. d6 Bg5 19. Qxa8 Nxe5 20. Nce4 Be3+ 21. Kh1 Qh4 22. Nf3 Nxf3 23. Bxf3 Bxc1 24. Raxc1 Kg7 25. Qd5 Nf4 26. Qe5+ f6 27. Qc3 Bf5 28. Qe1 Qh3 29. Qg3 Qh6 30. Nf2 Nh5 31. Qh4 Qe3 32. Bxh5 gxh5 33. Qg3+ Qg5 34. Qxg5+ fxg5 35. Rfe1 Rf7 36. Re7 Bg6 37. Rxf7+ Kxf7 38. d7 1-0